Impacto de la Política Económica en el Ambito de los Negocios /

La autora expone su punto de vista sobre la situación económica de México a principios del período presidencial de Miguel de la Madrid Hurtado. Detalla y comenta las alternativas para resolver la crisis económica de los sectores público y privado.

-д хадгалсан:
Номзүйн дэлгэрэнгүй
Үндсэн зохиолч: Senzek, Alva (autor)
Формат: Ном
Хэл сонгох:испани
Хэвлэсэн: México : Expansión, 1984
Нөхцлүүд:
Шошгууд: Шошго нэмэх
Шошго байхгүй, Энэхүү баримтыг шошголох эхний хүн болох!

MARC

LEADER 00000nam^a2200000^a^4500
001 000019886
005 20250521000000.0
009 20260310084314.639
037 |a Acervo ITESO - Biblioteca 
041 |a ESP 
082 |a 338. 972  |b SEN 
100 |a Senzek, Alva  |e (autor) 
245 1 0 |a Impacto de la Política Económica en el Ambito de los Negocios /  |c Alva Senzek. 
264 1 |a México :  |b Expansión,  |c 1984 
300 |a 81 p. 
336 |a texto  |b txt  |2 rdacontenido 
337 |a sin mediación  |b n  |2 rdamedio 
338 |a volumen  |b nc  |2 rdasoporte 
520 |a La autora expone su punto de vista sobre la situación económica de México a principios del período presidencial de Miguel de la Madrid Hurtado. Detalla y comenta las alternativas para resolver la crisis económica de los sectores público y privado. 
649 |a XX 
650 |a Política Económica -  |z México 
650 |a Política Económica -  |z México 
650 |a Economía 
910 |a Fondo General 
920 |a Impresos - Libros 
930 |a Colección General 
905 |a 101 
901 |a 0198860100  |b IT1  |c ACC  |i 019886  |u 20250521 
902 |a https://opac.biblio.iteso.mx/vufind/Record/000019886